Estadísticas para 15 principales países con muertes de Covid-19 - 24 de mayo

Haz click aquí para intentar la prueba.

Estadísticas generales

  • Esta prueba ha sido intentada 12 veces
  • La puntuación promedio es 15 de 21

Estadísticas de respuestas

país% Correcto
España
100%
Estados Unidos
100%
Francia
100%
Italia
100%
China
90%
Reino Unido
90%
Alemania
80%
Brasil
80%
Canadá
80%
México
80%
Portugal
80%
Bélgica
60%
India
60%
Irán
60%
Ecuador
50%
Países Bajos
50%
Perú
50%
Suecia
50%
Suiza
50%
Turquía
40%
Irlanda
30%

Distribución de puntuación

Porcentaje por número respondido

Porcentaje de gente con cada puntuación

Historial de tus puntuaciones

No has intentado esta prueba.